00657nam a2200241 a 4500001001300000003000900013005001700022008004100039020001000080082001600090100001400106245002100120260003200141300000900173500003500182505003600217650002300253700001400276902000800290942000700298952009500305999001500400nice12345678IN_TiNIC20260116011518.0050524s1855 lona grp 000 0 per  ac10000a297.35bMAJ aMajlisi,  aTohfatuz Zaireen aLondon bNo Publisherc1855 a428p aincludes index and biblioraphy2 aarchive, 2 parts bound together aShrine-Islam-Shiah1 aMajlisi,  bRBA cBK 00104070aHMIbHMId2007-07-31g100.00l0o297.35 MAJp217r2007-07-31w2026-01-16yARB c2194d2194